| 000 | 02129nam0a2200397 4500 | ||
|---|---|---|---|
| 001 | RU\NLR\bibl\1694948 | ||
| 005 | 20260405212814.0 | ||
| 010 |
_a978-5-98209-105-5 _9500 |
||
| 021 |
_aRU _b2010-75353 _95008 |
||
| 035 | _a(NLR Aleph) 001686050 | ||
| 090 |
_a1131335 _c1131335 |
||
| 100 | _a20101004d2010 |||y0rusy50 ca | ||
| 101 | 0 |
_arus _deng |
|
| 102 | _aRU | ||
| 105 | _ay ||||||||| | ||
| 200 | 1 |
_aИзбранное _dSelected works _fБорис Сергеевич Никифоров _gИн-т законодательства и сравнительного правоведения при Правительстве Российской Федерации _zeng |
|
| 210 |
_aМосква _cИнститут законодательства и сравнительного правоведения при Правительстве Российской Федерации _d2010 |
||
| 215 |
_a221, [2] с. _d22 |
||
| 225 | 1 | _aЮридическое наследие XX века | |
| 300 | _aАвт. также на англ. яз.: B.S. Nickiforov | ||
| 300 | _aРез. также на англ. яз. | ||
| 300 | _aК 85-летию Ин-та законодательства и сравнит. правоведения при Правительстве Рос. Федерации. | ||
| 300 | _aНа 3 с. авт.: Б.С. Никифоров - д.ю.н., проф. | ||
| 320 | _aБиблиогр.: с. 222 (10 назв.) и в подстроч. прим. | ||
| 510 | 1 |
_6z24790 _aSelected works _zeng |
|
| 606 | 1 |
_aУголовное право _jСборники _yСССР _91116296 _3RU\NLR\auth\66441615 |
|
| 686 | _aХ628.1я44 | ||
| 700 | 1 |
_4070 _8rus _7ca _aНикифоров _bБ. С. _cд-р юрид. наук _f1913-1981 _gБорис Сергеевич _3RU\NLR\auth\7795876 _978802 |
|
| 790 | 1 |
_4070 _8rus _7ba _aNikiforov _bB. S. _cд-р юрид. наук _f1913-1981 _gBoris Sergeevič _3RU\NLR\auth\7795877 _978803 |
|
| 801 | 0 |
_aRU _bРГБ _c20101004 _grcr |
|
| 801 | 1 |
_aRU _bРГБ _c20101004 |
|
| 801 | 2 |
_aRU _bNLR _c20101108 _grcr |
|
| 830 | _aавт. по кн. | ||
| 942 | _cBOOK | ||
| 980 | _aNB | ||